Former Nations/States - Part 13: East Asia - Statistics

General Stats
  • This quiz has been taken 5 times
  • The average score is 7 of 45
Answer Stats
Central Location Time Period Answer % Correct
1868 – 1947 AD Imperial Japan
80%
1603 – 1868 AD Tokugawa Shogunate
80%
1336 – 1573 AD Ashikaga Shogunate
60%
37 BC – 668 AD Goguryeo
60%
918 – 1392 AD Joseon
60%
1895 AD Republic of Formosa
60%
1429 – 1879 AD Ryukyu Kingdom
60%
55 BC – 935 AD Silla
60%
1945 – 1952 AD Allied Occupied Japan
20%
1981 – 1988 AD Fifth Republic of Korea
20%
1948 – 1960 AD First Republic of Korea
20%
1972 – 1981 AD Fourth Republic of Korea
20%
1897 – 1910 AD Korean Empire
20%
1945 – 1946 AD People's Republic of Korea
20%
1869 AD Republic of Ezo
20%
1960 – 1961 AD Second Republic of Korea
20%
1963 – 1972 AD Third Republic of Korea
20%
1568 – 1600 AD Azuchi-Momoyama
0%
Korea 18 BC – 660 AD Baekje
0%
698 – 926 AD Balhae
0%
194 BC – 42 AD Byeonhan
0%
1314 – 1429 AD Chūzan
0%
300 BC – 400 AD Dongye
0%
42 – 562 AD Gaya
0%
2333 – 108 BC Gojoseon
0%
1322 – 1466 AD Hokuzan
0%
1457 – 1586 AD Ikkō-ikki
0%
194 BC – 300 AD Jinhan
0%
100 – 37 BC Jolbon
0%
1192 – 1333 AD Kamakura Shogunate
0%
1661 – 1683 AD Kingdom of Tungning
0%
1945 AD Korean Provisional Government
0%
892 – 936 AD Later Baekje
0%
194 BC – 500 AD Mahan
0%
Taiwan ? – 1600 AD Middag
0%
Japan 0 – 200 AD Na
0%
200 BC – 400 AD Okjeo
0%
1947 – 1948 AD People's Committee of North Korea
0%
1946 – 1947 AD Provisional People's Committee of North Korea
0%
102 – 500 AD Siljik
0%
1961 – 1963 AD Supreme Council for National Reconstruction
0%
901 – 918 AD Taebong
0%
Korea ? – 1404 AD Tamna
0%
512 – 930 Usan
0%
0 – 200 AD Yamatai
0%
No matching quizzes found
Score Distribution
Percent of People with Each Score
Percentile by Number Answered
Your Score History
You have not taken this quiz